Scientific methods and social research (Record no. 345337)

000 -LEADER
fixed length control field 00335cam a22001217a 4500
008 - FIXED-LENGTH DATA ELEMENTS--GENERAL INFORMATION
fixed length control field 180718b1982 xxu||||| |||| 00| 0 eng d
082 ## - DEWEY DECIMAL CLASSIFICATION NUMBER
Classification number B084 G346
100 ## - MAIN ENTRY--PERSONAL NAME
Personal name Ghosh, B.N.
245 ## - TITLE STATEMENT
Title Scientific methods and social research
Statement of responsibility, etc. by B.N. Ghosh
260 ## - PUBLICATION, DISTRIBUTION, ETC.
Place of publication, distribution, etc. Delhi
Name of publisher, distributor, etc. Sterling
Date of publication, distribution, etc. 1982
300 ## - PHYSICAL DESCRIPTION
Extent 254p.
650 ## - SUBJECT ADDED ENTRY--TOPICAL TERM
Topical term or geographic name entry element Social science - Research
Holdings
Withdrawn status Lost status Damaged status Not for loan Permanent Location Current Location Date acquired Full call number Barcode Date last seen Price effective from Koha item type
        Indian Institute of Public Administration Indian Institute of Public Administration 1993-10-07 B084 G346 58640 2018-07-21 2018-07-21 Book

Powered by Koha